| 000 | 00384nam a2200133Ia 4500 | ||
|---|---|---|---|
| 008 | 231129s2000||||xx |||||||||||||| ||spa|| | ||
| 020 | _a1-886938-86-5 | ||
| 040 | _bspa | ||
| 082 | _a303.6 A798 | ||
| 245 | 0 | _aAsalto al desarrollo: Violencia en América Latina | |
| 260 | _c2000 | ||
| 264 | _aBanco Interamericano de Desarrollo | ||
| 942 |
_2ddc _cBKS |
||
| 999 |
_c5669 _d5669 |
||